000 00394 a2200157 4500
005 20250616173032.0
020 _a0-697-27798-4
082 _a004.16 ERI
100 _aERICKSON, F. J.
245 _aModern Microcomputers.
250 _a2nd Ed.
260 _aLondon,
_bIrwin,
_c1996.
300 _axv, 252p.: ill.; figure, picture, table
_bIndex
_c27cm
700 _aVONK, J. A.
942 _2ddc
_cBKS
999 _c153
_d153